Maggior numero di Giri percorsi in Formula 1 - Statistics

Statistiche generali
  • Questo quiz è stato fatto 137 volte
  • Il punteggio medio è 10 su 13
Statistiche sulle risposte
Nazione Giri percorsi Pilota % Corretto
Regno Unito 18 643 Lewis Hamilton
100%
Spagna 20 172 Fernando Alonso
99%
Finlandia 18 621 Kimi Räikkönen
97%
Germania 16 825 Michael Schumacher
96%
Germania 16 426 Sebastian Vettel
93%
Messico 13 989 Sergio Pérez
85%
Australia 12 829 Daniel Ricciardo
75%
Brasile 14 852 Felipe Massa
75%
Brasile 16 631 Rubens Barrichello
73%
Finlandia 12 226 Valtteri Bottas
64%
Regno Unito 16 271 Jenson Button
60%
Italia 12 368 Jarno Trulli
51%
Regno Unito 12 394 David Coulthard
28%
Nessun quiz corrispondente trovato
Distribuzione punteggi
Percentuale di utenti per punteggio
Percentile per numero di risposta
I tuoi punteggi nel tempo
Non hai fatto questo quiz